000 01357cad a22002055a 4500
001 L153330
008 110711s2011 xxk f 000 0 eng d
035 _a(Sirsi) u153330
041 0 _aeng
110 2 _aEuropean Commission
_92292
245 0 0 _aConstruction
_bthe lead market initiative (LMI) and sustainable construction, screening of national building regulations
_h[electronic resource]
260 _a[S.l.]
_bEC
_c2011
520 _aThis report assesses whether and how the EU-27 Member States currently regulate sustainable construction, whether and how these regulations are enforced on a day to day basis, and finally whether and how non-public market initiatives and public-private initiatives complement the formal building regulatory systems in addressing sustainability goals. It also assesses the coherence and efficiency of the building regulatory systems, and identifies the possible needs for coordination at EU level to consolidate the regulatory framework.
590 _aKA NTK
651 4 _aEurope
690 _aBuilding regulations
_96224
690 _aBUILT ENVIROMENT-SUSTAINABLE CONSTRUCTION
856 4 0 _uhttps://ec.europa.eu/enterprise/sectors/construction/files/compet/national-building-regulations/prc-final-report_en.pdf
_zView the main report, summary and country reports free of charge at http://europa.eu
942 _n0
999 _c112472
_d112472